000
00280nam a2200109 4500
008
160625b xxu||||| |||| 00| 0 eng d
100
_9
1160
_a
Hamlin, P
245
_a
Best Loved Poems
260
_a
Chicago
_b
People Book Club
_c
MCMXLIX
300
_a
Best Loved Poems
942
_2
ddc
_c
BK
999
_c
942
_d
942